000
00266nam a22000977a 4500
999
_c
11795
_d
11795
008
200217b ||||| |||| 00| 0 eng d
020
_a
0570062039
100
_a
Bergey Alyce
_9
7477
245
_a
Young Jesus In the Temple
260
_a
USA
_b
Concordia Publishing House
_c
1986